[Event "Aeroflot Open 2015"]
[Site "Moscow RUS"]
[Date "2015.04.04"]
[Round "9"]
[White "Rapport, Richard"]
[Black "Oparin, Grigoriy"]
[Result "0-1"]
[WhiteElo "2709"]
[BlackElo "2562"]
[PlyCount "108"]
[EventDate "2015.03.27"]

1. e4 c5 2. Nf3 d6 3. Bb5+ Bd7 4. Bxd7+ Qxd7 5. O-O Nc6 6. Re1 Nf6 7. c3 e6 8.
d3 Be7 9. Bf4 O-O 10. Nbd2 b5 11. h3 Qb7 12. Nf1 Rfd8 13. Ng3 Rac8 14. Qe2 h6
15. d4 cxd4 16. cxd4 Nb4 17. Red1 d5 18. e5 Ne4 19. Ne1 Nxg3 20. Bxg3 Rd7 21.
a3 Nc6 22. Bf4 Bf8 23. b4 Rdc7 24. Qg4 Kh8 25. Qh5 Kg8 26. Be3 Ne7 27. Nd3 Rc4
28. g4 a5 29. f4 Nc6 30. Nc5 Bxc5 31. bxc5 Rc3 32. Bf2 Qe7 33. g5 Qf8 34. Rdc1
g6 35. Qe2 Rxc1+ 36. Rxc1 Rb8 37. Rb1 b4 38. Qa6 bxa3 39. Rxb8 Qxb8 40. Qxc6 a2
41. Qa4 Qb1+ 42. Kh2 hxg5 43. f5 gxf5 44. Qe8+ Kg7 45. Qd8 f4 46. Qf6+ Kg8 47.
Qxg5+ Qg6 48. Qd8+ Kg7 49. c6 a1=Q 50. c7 Qf1 51. Qf6+ Qxf6 52. exf6+ Kh7 53.
c8=Q Qxf2+ 54. Kh1 f3 0-1

[Event "The USA Championship 2015"]
[Site "Saint Louis USA"]
[Date "2015.04.04"]
[Round "4"]
[White "Robson, R."]
[Black "Akobian, V."]
[Result "1/2-1/2"]
[WhiteElo "2656"]
[BlackElo "2622"]
[PlyCount "54"]
[EventDate "2015.03.31"]

1. e4 e5 2. Nf3 Nf6 3. Nxe5 d6 4. Nf3 Nxe4 5. Nc3 Nxc3 6. dxc3 Be7 7. Be3 Nc6
8. Qd2 Be6 9. O-O-O Qd7 10. Kb1 Bf6 11. h4 h6 12. Nd4 Bxd4 13. cxd4 d5 14. h5
O-O-O 15. f3 Rde8 16. g4 a6 17. Bf4 f5 18. g5 hxg5 19. Bxg5 Qf7 20. h6 gxh6 21.
Bf4 h5 22. Qc3 Bd7 23. a3 Qf8 24. Qb3 Ne7 25. Qc3 Nc6 26. Qb3 Qf7 27. Qc3 Qf8
1/2-1/2

[Event "The USA Championship 2015"]
[Site "Saint Louis USA"]
[Date "2015.04.04"]
[Round "4"]
[White "Gareev, T."]
[Black "Kamsky, G."]
[Result "1/2-1/2"]
[WhiteElo "2604"]
[BlackElo "2683"]
[PlyCount "88"]
[EventDate "2015.03.31"]

1. e4 c5 2. b4 cxb4 3. Nf3 d6 4. d4 Nf6 5. Bd3 g6 6. a3 bxa3 7. O-O Bg7 8. h3
O-O 9. Bg5 Nc6 10. Nc3 Nd7 11. Nd5 h6 12. Bh4 Nb6 13. c3 Bd7 14. Rxa3 Re8 15.
Re1 Rc8 16. Re3 Nxd5 17. exd5 Na5 18. Nd2 Bf6 19. Bg3 b6 20. Qf3 Rc7 21. Bf4
Bg7 22. c4 e5 23. dxe6 Rxe6 24. d5 Rxe3 25. Qxe3 Qf8 26. Rxa5 bxa5 27. Ne4 a4
28. Bxd6 Qd8 29. c5 a3 30. Bc4 Bf5 31. Ng3 Rd7 32. Nxf5 gxf5 33. Qxa3 Rxd6 34.
cxd6 Be5 35. Qxa7 Qxd6 36. Qe3 Kg7 37. Qf3 f4 38. Bd3 Qf6 39. Qe4 Bd6 40. Kf1
Qa1+ 41. Bb1 Qf6 42. Qh7+ Kf8 43. Qd3 Kg7 44. Qe4 Kf8 1/2-1/2

[Event "The USA Championship 2015"]
[Site "Saint Louis USA"]
[Date "2015.04.04"]
[Round "4"]
[White "Onischuk, Al"]
[Black "Holt, C."]
[Result "1/2-1/2"]
[WhiteElo "2665"]
[BlackElo "2530"]
[PlyCount "140"]
[EventDate "2015.03.31"]

1. d4 d5 2. c4 c6 3. Nf3 Nf6 4. Nc3 dxc4 5. a4 Bf5 6. e3 e6 7. Bxc4 Bb4 8. O-O
O-O 9. Qb3 c5 10. dxc5 Nc6 11. Nd4 Qb8 12. Nxf5 exf5 13. Nd5 Nxd5 14. Bxd5 Bxc5
15. Bd2 Qd6 16. Bc3 Rad8 17. Rad1 Qc7 18. g3 Bd6 19. Qb5 g6 20. Bxc6 bxc6 21.
Qa5 Rfe8 22. Rd4 c5 23. Qxc7 Bxc7 24. Rc4 Rd5 25. Rc1 Bd6 26. Kf1 Kf8 27. Ke2
Ke7 28. b4 cxb4 29. Bxb4 Rd8 30. Be1 Kd7 31. Rc6 Rb8 32. Ra6 Rb7 33. Rc4 Rc5
34. Rxc5 Bxc5 35. Bc3 Rc7 36. Bd4 Rc6 37. Ra5 Bb6 38. Bxb6 axb6 39. Ra7+ Ke6
40. Kd3 g5 41. Rb7 g4 42. Rb8 Ke5 43. Re8+ Re6 44. Rf8 Rh6 45. Rxf7 Rxh2 46.
Ke2 Rh1 47. Re7+ Kd5 48. Rd7+ Ke5 49. Rb7 Ra1 50. Rxb6 Rxa4 51. Rb7 h5 52. Rh7
Ra2+ 53. Kf1 Ra1+ 54. Kg2 Re1 55. Rxh5 Kf6 56. Rh1 Rxh1 57. Kxh1 Ke5 58. Kg2
Ke4 59. Kf1 Ke5 60. Ke1 Kd5 61. Kd2 Ke5 62. Ke2 Ke4 63. Kd2 Ke5 64. Ke2 Ke4 65.
f4 gxf3+ 66. Kf2 Kd5 67. Kxf3 Ke5 68. e4 fxe4+ 69. Ke3 Kf5 70. g4+ Kxg4 1/2-1/2

[Event "The USA Championship 2015"]
[Site "Saint Louis USA"]
[Date "2015.04.04"]
[Round "4"]
[White "Troff, Kayden W"]
[Black "Shankland, S."]
[Result "1/2-1/2"]
[WhiteElo "2532"]
[BlackElo "2661"]
[PlyCount "60"]
[EventDate "2015.03.31"]

1. d4 Nf6 2. c4 e6 3. Nf3 b6 4. a3 Bb7 5. Nc3 d5 6. Bg5 Be7 7. e3 O-O 8. Rc1 c6
9. cxd5 cxd5 10. Bd3 Nbd7 11. O-O Rc8 12. Qa4 a6 13. Qb3 b5 14. Bxf6 Nxf6 15.
Ne5 Ne4 16. Rfd1 Qd6 17. Bf1 Nxc3 18. Rxc3 Rxc3 19. Qxc3 Rc8 20. Qe1 b4 21.
axb4 Qxb4 22. Nd3 Qxe1 23. Rxe1 a5 24. Ra1 Ra8 25. Rc1 Ba6 26. Nc5 Bxf1 27.
Kxf1 Kf8 28. Ra1 Bxc5 29. dxc5 Rb8 30. Rxa5 Rxb2 1/2-1/2

[Event "The USA Championship 2015"]
[Site "Saint Louis USA"]
[Date "2015.04.04"]
[Round "4"]
[White "Sevian, Samuel"]
[Black "Naroditsky, D."]
[Result "1/2-1/2"]
[WhiteElo "2531"]
[BlackElo "2633"]
[PlyCount "59"]
[EventDate "2015.03.31"]

1. e4 e5 2. Nf3 Nc6 3. Bb5 a6 4. Ba4 Nf6 5. O-O Be7 6. Re1 b5 7. Bb3 O-O 8. c3
d5 9. exd5 Nxd5 10. Nxe5 Nxe5 11. Rxe5 c6 12. d3 Bd6 13. Re1 Bf5 14. Qf3 Re8
15. Rxe8+ Qxe8 16. Nd2 Qe1+ 17. Nf1 Bg6 18. Bxd5 cxd5 19. Qxd5 Rd8 20. Bg5 Qxa1
21. Bxd8 Bf8 22. h4 h6 23. h5 Bh7 24. f4 Qxb2 25. Ba5 Qa3 26. Qd8 Qd6 27. Qe8
Qe6 28. Qd8 Qd6 29. Qe8 Qe6 30. Qd8 1/2-1/2

[Event "The USA Championship 2015"]
[Site "Saint Louis USA"]
[Date "2015.04.05"]
[Round "5"]
[White "Kamsky, G."]
[Black "Robson, R."]
[Result "1-0"]
[WhiteElo "2683"]
[BlackElo "2656"]
[PlyCount "75"]
[EventDate "2015.03.31"]

1. d4 Nf6 2. Nf3 d5 3. c4 c6 4. e3 e6 5. Bd3 dxc4 6. Bxc4 a6 7. O-O b5 8. Bd3
c5 9. a4 b4 10. e4 cxd4 11. e5 Nd5 12. Nxd4 Bb7 13. Re1 g6 14. Nd2 Bg7 15. Qg4
Nd7 16. N2f3 O-O 17. Qh3 Re8 18. Bh6 Rc8 19. a5 Qe7 20. Bxg7 Kxg7 21. Qg3 b3
22. h4 Nb4 23. Rad1 Bxf3 24. Nxf3 Nc5 25. Bc4 Na4 26. Bxb3 Nxb2 27. Rd6 Rc3 28.
Re3 Rxe3 29. fxe3 Rc8 30. h5 N2d3 31. Ng5 Kh6 32. Ne4 Nd5 33. Bxd5 exd5 34.
Rxd5 Rd8 35. Nf6 Kg7 36. hxg6 hxg6 37. Qh4 Nxe5 38. Rxd8 1-0

[Event "The USA Championship 2015"]
[Site "Saint Louis USA"]
[Date "2015.04.05"]
[Round "5"]
[White "So, W."]
[Black "Gareev, T."]
[Result "1-0"]
[WhiteElo "2788"]
[BlackElo "2604"]
[PlyCount "84"]
[EventDate "2015.03.31"]

1. e4 e6 2. d4 d5 3. Nc3 dxe4 4. Nxe4 Bd7 5. Nf3 Bc6 6. Bd3 Nd7 7. O-O Ngf6 8.
Ng3 Be7 9. b3 h5 10. Qe2 Bxf3 11. Qxf3 c6 12. h4 Qa5 13. Bb2 Ba3 14. Bxa3 Qxa3
15. c3 Kf8 16. Rfe1 Rh6 17. Ne2 Qd6 18. Nf4 Kg8 19. Bc2 Re8 20. Rad1 Qb8 21. g3
e5 22. Nh3 Ng4 23. Bf5 Rd6 24. Bxg4 hxg4 25. Qxg4 Nf6 26. Qf5 exd4 27. Rxe8+
Qxe8 28. Rxd4 Rxd4 29. cxd4 Nd5 30. Ng5 g6 31. Qf3 f5 32. Kg2 a5 33. g4 Ne7 34.
Qe2 fxg4 35. Qxg4 Nf5 36. Nf3 Qe6 37. Qf4 Qd5 38. Kh3 Nd6 39. Kh2 a4 40. Qf6
axb3 41. Qxg6+ Kf8 42. axb3 Nf7 1-0

[Event "The USA Championship 2015"]
[Site "Saint Louis USA"]
[Date "2015.04.05"]
[Round "5"]
[White "Akobian, V."]
[Black "Onischuk, Al"]
[Result "1/2-1/2"]
[WhiteElo "2622"]
[BlackElo "2665"]
[PlyCount "82"]
[EventDate "2015.03.31"]

1. d4 Nf6 2. c4 e6 3. Nc3 Bb4 4. Qc2 O-O 5. Nf3 c5 6. dxc5 Na6 7. g3 Nxc5 8.
Bg2 Nce4 9. O-O Nxc3 10. bxc3 Be7 11. e4 d6 12. e5 dxe5 13. Nxe5 Qc7 14. Qe2
Nd7 15. Bf4 Nxe5 16. Bxe5 Bd6 17. Bxd6 Qxd6 18. Rab1 Qc7 19. Rfd1 Rb8 20. Qd3
b6 21. Qd6 Qxd6 22. Rxd6 Bb7 23. Rd7 Bxg2 24. Kxg2 a5 25. Rb5 g6 26. c5 bxc5
27. Rxa5 Ra8 28. Rxc5 Rxa2 29. c4 Ra3 30. h4 h5 31. Rb5 Rc3 32. Rc7 Kg7 33.
Rbb7 e5 34. Rc6 Re8 35. Rcc7 Rf8 36. Rc6 Re8 37. c5 e4 38. Rcc7 Rf3 39. Re7
Rxe7 40. Rxe7 Rc3 41. Rxe4 Rxc5 1/2-1/2

[Event "The USA Championship 2015"]
[Site "Saint Louis USA"]
[Date "2015.04.05"]
[Round "5"]
[White "Shankland, S."]
[Black "Sevian, Samuel"]
[Result "1/2-1/2"]
[WhiteElo "2661"]
[BlackElo "2531"]
[PlyCount "62"]
[EventDate "2015.03.31"]

1. e4 e5 2. Nf3 Nc6 3. Bc4 Bc5 4. c3 Nf6 5. d3 O-O 6. O-O d5 7. exd5 Nxd5 8.
Re1 Bg4 9. h3 Bh5 10. Nbd2 Nb6 11. Bb5 Bd6 12. a4 a5 13. Ne4 Na7 14. d4 Nxb5
15. axb5 Bxf3 16. Qxf3 exd4 17. cxd4 Bb4 18. Rd1 Qd5 19. Bf4 f5 20. Nc5 Qxf3
21. gxf3 Nd5 22. Be5 Rfe8 23. Rac1 a4 24. Rc4 Ra5 25. Bxc7 Rxb5 26. Nxa4 Rc8
27. Rdc1 Ra8 28. b3 Bf8 29. Nc3 Nxc7 30. Rxc7 Rxb3 31. Nd5 Re8 1/2-1/2

[Event "The USA Championship 2015"]
[Site "Saint Louis USA"]
[Date "2015.04.05"]
[Round "5"]
[White "Holt, C."]
[Black "Troff, Kayden W"]
[Result "0-1"]
[WhiteElo "2530"]
[BlackElo "2532"]
[PlyCount "96"]
[EventDate "2015.03.31"]

1. d4 Nf6 2. c4 g6 3. Nc3 d5 4. Bf4 Bg7 5. e3 O-O 6. Rc1 c5 7. dxc5 Qa5 8. cxd5
Rd8 9. Bc4 Be6 10. e4 Nxe4 11. Nge2 Nxf2 12. Qa4 Qxc5 13. dxe6 Nxh1 14. exf7+
Kf8 15. Ne4 Qb6 16. Bc7 Qe3 17. Bxd8 Nc6 18. Bxe7+ Nxe7 19. Be6 b5 20. Qc2 Nf2
21. Nc5 Rd8 22. Qb3 Nd3+ 23. Nxd3 Rxd3 24. Qxb5 Qd2+ 25. Kf1 Rd8 26. Bb3 Qxb2
27. Qa5 Qf6+ 28. Ke1 Rb8 29. Qxa7 Qd6 30. g3 Be5 31. Qc5 Qf6 32. Rd1 Rc8 33.
Qb4 Kg7 34. Rd7 Kf8 35. Qd2 Nf5 36. Nf4 Bxf4 37. Qxf4 Qb6 38. Qf2 Qa5+ 39. Qd2
Qb6 40. Kf1 Qb5+ 41. Kg1 Qb6+ 42. Kg2 Ne3+ 43. Kh3 g5 44. Rd6 g4+ 45. Kh4 Nf5+
46. Kg5 Qxd6 47. Qb2 Nd4 48. Kxg4 Rc5 0-1

[Event "The USA Championship 2015"]
[Site "St Louis USA"]
[Date "2015.04.07"]
[Round "6"]
[White "Robson, Ray"]
[Black "So, Wesley"]
[Result "1-0"]
[WhiteElo "2656"]
[BlackElo "2788"]
[PlyCount "83"]
[EventDate "2015.04.01"]

1. e4 e5 2. Nf3 Nc6 3. Bb5 Nf6 4. O-O Nxe4 5. Re1 Nd6 6. Nxe5 Be7 7. Bf1 Nxe5
8. Rxe5 O-O 9. Nc3 Ne8 10. Nd5 Bd6 11. Re1 Nf6 12. Nxf6+ Qxf6 13. d4 c6 14. Be3
b6 15. Bd3 Bc7 16. d5 Be5 17. c3 cxd5 18. Qg4 d6 19. Qa4 Qd8 20. Rad1 Be6 21.
Bb5 a6 22. Bc6 b5 23. Qa3 Rb8 24. Qxa6 b4 25. Ba7 Rc8 26. cxb4 Qh4 27. Rxe5
dxe5 28. Bc5 Rfd8 29. a4 d4 30. Bb7 Rb8 31. Ba7 Qe7 32. Bxb8 Rxb8 33. Bf3 Qxb4
34. a5 g5 35. h3 Qxb2 36. Qd6 Rc8 37. Qxe5 h6 38. Qxd4 Qxd4 39. Rxd4 Rc1+ 40.
Rd1 Rc7 41. a6 Ra7 42. Bb7 1-0

[Event "The USA Championship 2015"]
[Site "St Louis USA"]
[Date "2015.04.07"]
[Round "6"]
[White "Onischuk, Alexander"]
[Black "Kamsky, Gata"]
[Result "1-0"]
[WhiteElo "2665"]
[BlackElo "2683"]
[PlyCount "175"]
[EventDate "2015.04.01"]

1. d4 d5 2. c4 c6 3. Nc3 Nf6 4. Nf3 a6 5. e3 Bf5 6. Qb3 Ra7 7. Nh4 Bg6 8. Nxg6
hxg6 9. a4 e6 10. g3 a5 11. Bg2 Nbd7 12. O-O Qb6 13. Qxb6 Nxb6 14. cxd5 Nbxd5
15. e4 Nb4 16. Rd1 Ra8 17. Bf4 Be7 18. d5 Nd7 19. dxc6 bxc6 20. Na2 e5 21. Nxb4
Bxb4 22. Be3 Ke7 23. Rac1 Rac8 24. Rc2 f6 25. Rdc1 Kd6 26. h4 Rc7 27. Bh3 Rb8
28. Bg4 Nb6 29. b3 Nd7 30. Kg2 Ba3 31. Rd1+ Ke7 32. Rd3 Nf8 33. Rdc3 Kd6 34. f4
Nd7 35. Bxd7 Kxd7 36. fxe5 fxe5 37. Kh3 Be7 38. Bd2 Ra8 39. Kg4 Ra6 40. Be3 Rb7
41. Rd3+ Ke6 42. Bc5 Bxc5 43. Rxc5 Rb4 44. Rc4 Rab6 45. Kg5 Rxb3 46. Rxc6+ Rxc6
47. Rxb3 Kf7 48. Rb7+ Kg8 49. Ra7 Kh7 50. Rxa5 Rc4 51. Rxe5 Rxa4 52. Re7 Ra3
53. g4 Rf3 54. Re8 Rf1 55. Rd8 Re1 56. Rd4 Re2 57. Kf4 Kg8 58. Ke5 Kf7 59. Rd7+
Kf8 60. Kd5 Ra2 61. Ke6 Ra6+ 62. Rd6 Ra8 63. e5 Rb8 64. Rc6 Rd8 65. Rc7 Ra8 66.
Kd7 Re8 67. Kd6 Rd8+ 68. Rd7 Ra8 69. Kd5 Ra5+ 70. Ke6 Ra8 71. Rf7+ Kg8 72. Rc7
Kf8 73. Rc6 Rb8 74. Kd5 Kf7 75. e6+ Kf8 76. Rc7 Ra8 77. Kd6 Rd8+ 78. Rd7 Ra8
79. Rf7+ Kg8 80. Rc7 Kf8 81. Rf7+ Kg8 82. Rb7 Kf8 83. Kd7 Re8 84. Rb1 Re7+ 85.
Kd6 Re8 86. Rf1+ Kg8 87. Kd7 Ra8 88. Rc1 1-0

[Event "The USA Championship 2015"]
[Site "St Louis USA"]
[Date "2015.04.07"]
[Round "6"]
[White "Troff, Kayden W"]
[Black "Sevian, Samuel"]
[Result "0-1"]
[WhiteElo "2532"]
[BlackElo "2531"]
[PlyCount "166"]
[EventDate "2015.04.01"]

1. c4 Nf6 2. Nc3 c5 3. g3 g6 4. Bg2 Bg7 5. e3 O-O 6. Nge2 e6 7. Nf4 Nc6 8. O-O
d6 9. a3 Bd7 10. Rb1 a5 11. d3 Rb8 12. Nb5 d5 13. b3 d4 14. exd4 Nxd4 15. Nxd4
cxd4 16. b4 axb4 17. axb4 b5 18. c5 Qc7 19. Ne2 Ne8 20. Bb2 e5 21. f4 Rd8 22.
fxe5 Bg4 23. Rf4 h5 24. Bxd4 Bh6 25. Bf2 Bxf4 26. gxf4 Qd7 27. c6 Qxd3 28. Qxd3
Rxd3 29. Ng3 Nc7 30. Ne4 Bf3 31. Nc5 Ra3 32. Nd7 Rc8 33. Rc1 Bxg2 34. Kxg2 Nd5
35. f5 Nf4+ 36. Kf1 Nd3 37. Nb6 Re8 38. Rd1 Nxf2 39. Kxf2 Rc3 40. Rd6 Rxe5 41.
fxg6 Rc2+ 42. Kf3 Re6 43. gxf7+ Kxf7 44. Rd7+ Kf6 45. Nd5+ Ke5 46. c7 Ra6 47.
Kg3 Rd6 48. Rd8 Rxc7 49. Nxc7 Rxd8 50. Nxb5 Kf5 51. Nc7 Rd3+ 52. Kf2 Rb3 53.
Nd5 Ke5 54. Ne7 Ke6 55. Nc6 Kd6 56. Nd4 Rxb4 57. Nf3 Ke6 58. Kg3 Kf6 59. Nh4
Rg4+ 60. Kh3 Rf4 61. Kg3 Kg5 62. Nf3+ Kf5 63. Nh4+ Ke4 64. Kh3 Rg4 65. Nf5 Kf4
66. Nd4 Kg5 67. Nf3+ Kf6 68. Nh4 Ra4 69. Kg3 Kg5 70. Nf3+ Kf5 71. Nh4+ Ke4 72.
Ng2 Ra3+ 73. Kh4 Kf3 74. Ne1+ Kf2 75. Kxh5 Kxe1 76. h4 Kf2 77. Kg6 Kg3 78. h5
Kg4 79. h6 Ra6+ 80. Kg7 Kg5 81. h7 Ra7+ 82. Kg8 Kg6 83. h8=N+ Kf6 0-1

[Event "The USA Championship 2015"]
[Site "St Louis USA"]
[Date "2015.04.07"]
[Round "6"]
[White "Holt, Conrad"]
[Black "Akobian, Varuzhan"]
[Result "1-0"]
[WhiteElo "2530"]
[BlackElo "2622"]
[PlyCount "101"]
[EventDate "2015.04.01"]

1. d4 Nf6 2. c4 e6 3. Nf3 Bb4+ 4. Nbd2 b6 5. a3 Bxd2+ 6. Qxd2 Bb7 7. e3 O-O 8.
Bd3 d6 9. Qc2 c5 10. dxc5 bxc5 11. b4 Nbd7 12. Bb2 cxb4 13. axb4 a5 14. b5 Qc7
15. O-O Rfc8 16. Rfc1 Nc5 17. Bxf6 gxf6 18. Bxh7+ Kf8 19. Bd3 Bxf3 20. gxf3 f5
21. f4 Ke7 22. f3 a4 23. Ra2 Rg8+ 24. Kh1 Rg6 25. Qc3 Rag8 26. Rf2 R8g7 27. e4
fxe4 28. fxe4 Qb7 29. f5 Rf6 30. Bc2 Rg4 31. Qf3 exf5 32. Re1 Kf8 33. Rff1 Rh4
34. Re2 Qa8 35. Rg2 f4 36. Qc3 Nd7 37. Qa3 Ne5 38. Rfg1 Ke7 39. c5 f3 40. cxd6+
Rxd6 41. Rg8 Qa7 42. Rd1 Rhh6 43. b6 Qxb6 44. Bxa4 Rhe6 45. Rf1 Qd4 46. Qc1 Rg6
47. Re8+ Kf6 48. Qf4+ Kg7 49. Qxe5+ Qxe5 50. Rxe5 Rd2 51. Rxf3 1-0

[Event "The USA Championship 2015"]
[Site "St Louis USA"]
[Date "2015.04.07"]
[Round "6"]
[White "Gareev, Timur"]
[Black "Naroditsky, Daniel"]
[Result "1/2-1/2"]
[WhiteElo "2604"]
[BlackElo "2633"]
[PlyCount "61"]
[EventDate "2015.04.01"]

1. d4 Nf6 2. c4 e6 3. Nf3 d5 4. e3 b6 5. Nc3 Bb7 6. Bd3 dxc4 7. Bxc4 Nbd7 8.
O-O Bb4 9. Bd2 O-O 10. Qe2 c5 11. Rfd1 cxd4 12. Nxd4 Ne5 13. Bb3 Qe7 14. Be1
Rfd8 15. Rac1 Rac8 16. f3 Bc5 17. Nc2 Rxd1 18. Rxd1 Rd8 19. Bg3 Nc6 20. a3 Bd6
21. Bxd6 Rxd6 22. Nb5 Rd8 23. Rxd8+ Qxd8 24. Ncd4 Nxd4 25. Nxd4 g6 26. Bc4 Bd5
27. Bb5 Qc7 28. Qc2 Qd6 29. Bf1 Bb7 30. Nb5 Qe5 31. Qc3 1/2-1/2

[Event "The USA Championship 2015"]
[Site "St Louis USA"]
[Date "2015.04.08"]
[Round "7"]
[White "So, Wesley"]
[Black "Onischuk, Alexander"]
[Result "1-0"]
[WhiteElo "2788"]
[BlackElo "2665"]
[PlyCount "71"]
[EventDate "2015.04.01"]

1. e4 e5 2. Nf3 Nc6 3. Bb5 a6 4. Ba4 Nf6 5. O-O Be7 6. Re1 b5 7. Bb3 O-O 8. c3
d5 9. exd5 Nxd5 10. Nxe5 Nxe5 11. Rxe5 c6 12. Re1 Bd6 13. d3 Bf5 14. Qf3 Qh4
15. g3 Qh3 16. Be3 Bxd3 17. Nd2 Bf5 18. Bd4 Rfe8 19. c4 Bg4 20. Qg2 Qxg2+ 21.
Kxg2 Nb4 22. Ne4 Bf8 23. cxb5 cxb5 24. Ng5 Bh5 25. g4 Bg6 26. f4 Nc2 27. Rxe8
Rxe8 28. Rd1 Nxd4 29. Rxd4 Be7 30. Nf3 Bb1 31. Nd2 Bf6 32. Rd7 Be4+ 33. Nxe4
Rxe4 34. Rxf7 Re2+ 35. Kf3 Rxb2 36. Be6 1-0

[Event "The USA Championship 2015"]
[Site "St Louis USA"]
[Date "2015.04.08"]
[Round "7"]
[White "Naroditsky, Daniel"]
[Black "Robson, Ray"]
[Result "0-1"]
[WhiteElo "2633"]
[BlackElo "2656"]
[PlyCount "169"]
[EventDate "2015.04.01"]

1. d4 Nf6 2. c4 g6 3. Nc3 d5 4. cxd5 Nxd5 5. e4 Nxc3 6. bxc3 Bg7 7. Bb5+ c6 8.
Ba4 b5 9. Bb3 a5 10. Ne2 Nd7 11. O-O a4 12. Bc2 Nb6 13. Ba3 O-O 14. Nf4 Re8 15.
e5 Nd5 16. Qf3 Nxf4 17. Qxf4 Be6 18. h4 f5 19. Rfe1 Bd5 20. Re3 e6 21. Rg3 Kf7
22. h5 Rg8 23. Bc5 Bf8 24. hxg6+ hxg6 25. Bxf8 Qxf8 26. Bd1 Qg7 27. Bh5 Qh7 28.
Be2 Rh8 29. Rh3 Qg7 30. c4 bxc4 31. Rb1 Rab8 32. Rxb8 Rxb8 33. Qc1 g5 34. Rh5
g4 35. Rh6 Rb1 36. Qxb1 Qxh6 37. Qb7+ Kg6 38. Qb8 Qc1+ 39. Bf1 Kg7 40. Qd8 Qa3
41. Qd7+ Kf8 42. Qd8+ Kf7 43. Qc7+ Qe7 44. Qa5 Qb7 45. Qc5 f4 46. Qa3 Qb6 47.
Qc3 Qb1 48. Qa5 g3 49. Qc7+ Kg6 50. Qd8 gxf2+ 51. Kh2 Qf5 52. Qg8+ Kh6 53. Be2
f3 54. g4 Qf4+ 55. Kh3 f1=Q+ 56. Bxf1 Qe4 57. Qh8+ Qh7 58. Qf6+ Qg6 59. Qh8+
Kg5 60. Kg3 Qf7 61. Qh4+ Kg6 62. Qh5+ Kg7 63. Qg5+ Kh7 64. Qh4+ Kg8 65. Qg5+
Qg7 66. Qd8+ Qf8 67. Qg5+ Kf7 68. Qd2 Qh8 69. Bh3 Qh7 70. Qb2 Qd3 71. Kh4 Qh7+
72. Kg3 Qd3 73. Kh4 c5 74. Qb8 Qh7+ 75. Kg3 f2 76. Bf1 Qh1 77. Qd8 Qf3+ 78. Kh4
cxd4 79. Kh5 Qf4 80. Qd7+ Kg8 81. Qe8+ Kg7 82. Qg6+ Kf8 83. Qb1 Qxe5+ 84. Kh4
Kg7 85. g5 0-1

[Event "The USA Championship 2015"]
[Site "St Louis USA"]
[Date "2015.04.08"]
[Round "7"]
[White "Kamsky, Gata"]
[Black "Holt, Conrad"]
[Result "1-0"]
[WhiteElo "2683"]
[BlackElo "2530"]
[PlyCount "109"]
[EventDate "2015.04.01"]

1. Nf3 d5 2. g3 Nf6 3. Bg2 c6 4. d3 Bg4 5. Nbd2 e6 6. h3 Bh5 7. g4 Bg6 8. Nh4
Be7 9. e3 Qc7 10. Qe2 Nfd7 11. Ndf3 Ne5 12. Nxe5 Bxh4 13. Nxg6 hxg6 14. Bd2 Nd7
15. O-O-O O-O-O 16. Kb1 Rhe8 17. Rc1 Nc5 18. f4 e5 19. g5 f5 20. gxf6 Bxf6 21.
fxe5 Qxe5 22. Qg4+ Ne6 23. c3 Qf5 24. Qxf5 gxf5 25. h4 g6 26. h5 gxh5 27. Rxh5
Ng7 28. Rh7 Rh8 29. Rch1 Rxh7 30. Rxh7 Kd7 31. Kc2 Ke7 32. e4 dxe4 33. dxe4
fxe4 34. Bxe4 Kf7 35. a4 Kg8 36. Rh1 Ne6 37. Be3 a6 38. Bd3 Nc7 39. Bb6 Rd7 40.
Bf5 Re7 41. Bc8 Kg7 42. a5 Nd5 43. Bc5 Rc7 44. Bf5 Be5 45. Kd3 Nf6 46. Re1 Nd7
47. Bf2 Bd6 48. Bd4+ Kf7 49. Kc4 Nf8 50. Bg4 Re7 51. Bh5+ Kg8 52. Rg1+ Kh7 53.
Bg4 Kg6 54. Bc8+ Kh5 55. Rg7 1-0

[Event "The USA Championship 2015"]
[Site "St Louis USA"]
[Date "2015.04.08"]
[Round "7"]
[White "Akobian, Varuzhan"]
[Black "Troff, Kayden W"]
[Result "0-1"]
[WhiteElo "2622"]
[BlackElo "2532"]
[PlyCount "86"]
[EventDate "2015.04.01"]

1. d4 Nf6 2. c4 g6 3. Nc3 d5 4. cxd5 Nxd5 5. Bd2 Bg7 6. e4 Nxc3 7. Bxc3 O-O 8.
Rc1 c5 9. dxc5 Qxd1+ 10. Kxd1 Rd8+ 11. Ke1 Bxc3+ 12. Rxc3 Be6 13. a3 Rc8 14.
Bb5 a6 15. Ba4 Bd7 16. Bb3 Be8 17. Nf3 Nd7 18. c6 bxc6 19. Kd2 Rab8 20. Kc2 c5
21. Rc1 Rc7 22. Ba4 Rcb7 23. Rb3 Nf6 24. Rxb7 Bxa4+ 25. b3 Rxb7 26. bxa4 Nxe4
27. Ne5 Nxf2 28. Rf1 Ne4 29. Nxf7 Rd7 30. Rf4 Rd2+ 31. Kb3 Nd6 32. Nxd6 exd6
33. Kc3 Ra2 34. Kc4 Rxa3 35. Kd5 Rd3+ 36. Kc6 Rd4 37. Rf2 c4 38. a5 c3 39. Rc2
d5 40. Kb6 Rc4 41. Kxa6 d4 42. Kb5 d3 43. Ra2 Rc8 0-1

[Event "The USA Championship 2015"]
[Site "St Louis USA"]
[Date "2015.04.08"]
[Round "7"]
[White "Shankland, Samuel L"]
[Black "Gareev, Timur"]
[Result "1-0"]
[WhiteElo "2661"]
[BlackElo "2604"]
[PlyCount "82"]
[EventDate "2015.04.01"]

1. e4 e5 2. Nf3 Nc6 3. Bb5 f5 4. d3 fxe4 5. dxe4 Nf6 6. O-O Bc5 7. Bxc6 bxc6 8.
Nxe5 O-O 9. Nc3 d6 10. Na4 Qe8 11. Nd3 Bg4 12. Qe1 Bd4 13. c3 Bb6 14. Nxb6 axb6
15. c4 Be6 16. b3 b5 17. e5 Bf5 18. Nb4 dxe5 19. Qe3 bxc4 20. bxc4 Qe6 21. Bb2
Qxc4 22. a3 Ng4 23. Qc1 Qe2 24. h3 Be4 25. Qe1 Qxb2 26. Qxe4 Nf6 27. Qc4+ Kh8
28. Nxc6 Rxa3 29. Rxa3 Qxa3 30. Nxe5 Qa5 31. Nf7+ Kg8 32. Rd1 Qh5 33. Ne5+ Kh8
34. Re1 Ng8 35. Qxc7 Qf5 36. Qc5 Nh6 37. g4 Qf4 38. Re4 Qf6 39. Nd7 Qa1+ 40.
Kh2 Ra8 41. g5 Qa7 1-0

[Event "The USA Championship 2015"]
[Site "Saint Louis USA"]
[Date "2015.04.09"]
[Round "8"]
[White "Robson, R."]
[Black "Shankland, S."]
[Result "1/2-1/2"]
[WhiteElo "2656"]
[BlackElo "2661"]
[PlyCount "92"]
[EventDate "2015.04.01"]

1. e4 e6 2. d4 d5 3. Nc3 Nf6 4. e5 Nfd7 5. f4 c5 6. Nf3 Nc6 7. Be3 Be7 8. Qd2
O-O 9. dxc5 Nxc5 10. O-O-O a6 11. Qf2 b6 12. Nd4 Bb7 13. Nxc6 Bxc6 14. Bd4 Qc7
15. Qe3 Rfc8 16. Bd3 Nxd3+ 17. Rxd3 b5 18. Ne2 b4 19. Rd2 Ba4 20. b3 Bb5 21. g4
Bxe2 22. Qxe2 Bc5 23. Ba1 Qa7 24. Re1 a5 25. f5 a4 26. Kb1 Rc6 27. Qf3 axb3 28.
cxb3 Rac8 29. Rc2 h6 30. Rec1 R6c7 31. Qd3 Be7 32. Bd4 Rxc2 33. Rxc2 Qb7 34.
Rf2 Bc5 35. fxe6 fxe6 36. Rc2 Bxd4 37. Rxc8+ Qxc8 38. Qxd4 Qf8 39. Kb2 Qb8 40.
a3 bxa3+ 41. Kxa3 Kf7 42. b4 Ke8 43. h4 g5 44. h5 Qa8+ 45. Kb3 Qa6 46. Qc3 Kd7
1/2-1/2

[Event "The USA Championship 2015"]
[Site "Saint Louis USA"]
[Date "2015.04.09"]
[Round "8"]
[White "Holt, C."]
[Black "So, W."]
[Result "1-0"]
[WhiteElo "2530"]
[BlackElo "2788"]
[PlyCount "69"]
[EventDate "2015.04.01"]

1. d4 Nf6 2. c4 g6 3. Nc3 d5 4. Nf3 Bg7 5. Qb3 dxc4 6. Qxc4 O-O 7. e4 Nc6 8.
Bg5 Bg4 9. d5 Na5 10. Qa4 c6 11. dxc6 Nxc6 12. e5 Bxf3 13. exf6 exf6 14. Be3
Bh5 15. g4 Bxg4 16. Qxg4 f5 17. Qa4 Re8 18. Rd1 Bxc3+ 19. bxc3 Qf6 20. Be2 b5
21. Bxb5 Re4 22. Qc2 Rae8 23. O-O f4 24. Bxc6 Qxc6 25. Bd4 f3 26. Qd3 Re2 27.
a4 Qd5 28. Kh1 Qh5 29. Qb5 Qh4 30. Rg1 Rd8 31. Rdf1 h6 32. Qc6 Rxd4 33. cxd4
Rxf2 34. Qe8+ Kg7 35. Qe5+ 1-0

[Event "The USA Championship 2015"]
[Site "Saint Louis USA"]
[Date "2015.04.09"]
[Round "8"]
[White "Akobian, V."]
[Black "Kamsky, G."]
[Result "1/2-1/2"]
[WhiteElo "2622"]
[BlackElo "2683"]
[PlyCount "53"]
[EventDate "2015.04.01"]

1. d4 Nf6 2. c4 g6 3. Nc3 d5 4. cxd5 Nxd5 5. e4 Nxc3 6. bxc3 Bg7 7. Nf3 c5 8.
Bb5+ Bd7 9. Bxd7+ Qxd7 10. O-O cxd4 11. cxd4 O-O 12. Be3 e6 13. Rc1 Nc6 14. Qa4
Rfd8 15. Rfd1 Ne5 16. Qxd7 Nxf3+ 17. gxf3 Rxd7 18. a4 f5 19. a5 a6 20. d5 exd5
21. Rxd5 Rxd5 22. exd5 Rd8 23. Rc7 Rxd5 24. Rc8+ Kf7 25. Rc7+ Kg8 26. Rc8+ Kf7
27. Rc7+ 1/2-1/2